000 00667nam a2200253Ia 4500
003 OSt
005 20220918184006.0
006 a|||||r|||| 00| 0
007 ta
008 220917b |||||||| |||| 00| 0 eng d
024 _a43,549
037 _cTextual
040 _aARTS
_cARTS
_beng
041 _2eng
_aeng
082 _aO156,1, 111L9
100 _aNorihiko Ucida
_964185
245 0 _aOral literature of the Saurashtrahs
260 _aCalcutta
_bSimant Pub
_c1979
300 _a172p.
_ccm.
500 _aBib 161-68p
650 _aENGLISH LITERATURE
942 _hO156,1, 111L9
_cTEXL
_2CC
999 _c174673
_d174673